<?xml version="1.0" encoding="UTF-8"?>
<record
    xmlns:xsi="http://www.w3.org/2001/XMLSchema-instance"
    xsi:schemaLocation="http://www.loc.gov/MARC21/slim http://www.loc.gov/standards/marcxml/schema/MARC21slim.xsd"
    xmlns="http://www.loc.gov/MARC21/slim">

  <leader>01249nam a2200325 a 4500</leader>
  <controlfield tag="001">BRL_1394</controlfield>
  <controlfield tag="005">20190320211201.0</controlfield>
  <controlfield tag="008">100114s1983----u--ao#####---#000-0#eng-#</controlfield>
  <datafield tag="020" ind1=" " ind2=" ">
    <subfield code="a">093345208X</subfield>
  </datafield>
  <datafield tag="041" ind1=" " ind2=" ">
    <subfield code="a">eng</subfield>
  </datafield>
  <datafield tag="044" ind1=" " ind2=" ">
    <subfield code="a">u</subfield>
  </datafield>
  <datafield tag="050" ind1=" " ind2="4">
    <subfield code="a">E99.P9</subfield>
    <subfield code="b">.K46 1983</subfield>
  </datafield>
  <datafield tag="100" ind1="1" ind2=" ">
    <subfield code="a">Kent, Kate Peck</subfield>
    <subfield code="9">26756</subfield>
  </datafield>
  <datafield tag="245" ind1="1" ind2="0">
    <subfield code="a">Pueblo indian textiles</subfield>
    <subfield code="b">a living tradition</subfield>
    <subfield code="c">Kate Peck Kent ; photographer Deborah Flynn ; illustrator Arminta Neal.</subfield>
  </datafield>
  <datafield tag="260" ind1=" " ind2=" ">
    <subfield code="a">Santa Fe, New Mexico</subfield>
    <subfield code="b">School of American Research</subfield>
    <subfield code="c">1983</subfield>
  </datafield>
  <datafield tag="300" ind1=" " ind2=" ">
    <subfield code="a">xiv, 118 p.</subfield>
    <subfield code="b">il., fotograf&#xED;as, mapas</subfield>
    <subfield code="c">26 cm.</subfield>
  </datafield>
  <datafield tag="440" ind1=" " ind2="0">
    <subfield code="a">Studies in American Indian art</subfield>
    <subfield code="9">26757</subfield>
  </datafield>
  <datafield tag="500" ind1=" " ind2=" ">
    <subfield code="a">Au1649</subfield>
  </datafield>
  <datafield tag="500" ind1=" " ind2=" ">
    <subfield code="a">Incluye &#xED;ndice</subfield>
  </datafield>
  <datafield tag="500" ind1=" " ind2=" ">
    <subfield code="a">With a catalogue of the School of American Research collection.</subfield>
  </datafield>
  <datafield tag="504" ind1=" " ind2=" ">
    <subfield code="a">Bibliograf&#xED;a: p. 109-113.</subfield>
  </datafield>
  <datafield tag="610" ind1="2" ind2="4">
    <subfield code="a">School of American Research (Santa Fe, New Mexico)</subfield>
    <subfield code="v">Cat&#xE1;logos</subfield>
    <subfield code="9">26758</subfield>
  </datafield>
  <datafield tag="650" ind1="1" ind2="4">
    <subfield code="a">Pueblos ind&#xED;genas</subfield>
    <subfield code="v">Cat&#xE1;logos</subfield>
    <subfield code="x">Industria textil</subfield>
    <subfield code="9">26759</subfield>
  </datafield>
  <datafield tag="650" ind1="1" ind2="4">
    <subfield code="a">Ind&#xED;genas del Norte de Am&#xE9;rica</subfield>
    <subfield code="v">Cat&#xE1;logos</subfield>
    <subfield code="x">Industria textil</subfield>
    <subfield code="9">26760</subfield>
  </datafield>
  <datafield tag="650" ind1="1" ind2="4">
    <subfield code="a">Indistr&#xED;a textil &#xED;ndigena</subfield>
    <subfield code="v">Cat&#xE1;logos</subfield>
    <subfield code="z">Am&#xE9;rica del Norte</subfield>
    <subfield code="9">26761</subfield>
  </datafield>
  <datafield tag="700" ind1="1" ind2=" ">
    <subfield code="a">Flynn, Deborah</subfield>
    <subfield code="e">il.</subfield>
    <subfield code="9">26762</subfield>
  </datafield>
  <datafield tag="700" ind1="1" ind2=" ">
    <subfield code="a">Neal, Arminta</subfield>
    <subfield code="e">il.</subfield>
    <subfield code="9">26763</subfield>
  </datafield>
  <datafield tag="902" ind1=" " ind2=" ">
    <subfield code="a">GRL</subfield>
  </datafield>
  <datafield tag="942" ind1=" " ind2=" ">
    <subfield code="2">lcc</subfield>
    <subfield code="c">B</subfield>
  </datafield>
  <datafield tag="999" ind1=" " ind2=" ">
    <subfield code="c">10205</subfield>
    <subfield code="d">10205</subfield>
  </datafield>
  <datafield tag="952" ind1=" " ind2=" ">
    <subfield code="0">0</subfield>
    <subfield code="1">0</subfield>
    <subfield code="4">0</subfield>
    <subfield code="7">0</subfield>
    <subfield code="a">BRL</subfield>
    <subfield code="b">BRL</subfield>
    <subfield code="d">2014-01-10</subfield>
    <subfield code="i">Au1649</subfield>
    <subfield code="l">0</subfield>
    <subfield code="o">E99.P9 .K46 1983 (Au1649)</subfield>
    <subfield code="p">GRL01552</subfield>
    <subfield code="r">2019-03-22 00:00:00</subfield>
    <subfield code="w">2019-03-22</subfield>
    <subfield code="y">B</subfield>
  </datafield>
</record>
